00825nam a2200217Ia 4500008004100000020001500041020001800056040001800074041000800092060001300100100002000113245011700133260006800250300006900318504005300387650003500440650006300475650001700538650003000555700002200585130821s2009 xxua gr eng  a1597560790 a9781597560795 aCo-BoUCMbspa00aeng aWL 340.21 aHurtig, Richard10aAugmentative and alternative communication in acute and critical care settingscRichard Hurtig, Debora A. Downey aSan Diego (California, Estados Unidos)bPlural Publishingc2009 axiv, 209 páginasbilustraciones, cuadros, gráficose1 CD-ROM aIncluye referencias bibliográficas e índice.04aCuidados intensivos (Medicina)04aDispositivos de autoayuda para personas con discapacidades04aNeurología04aPersonas con discapacidad1 aDowney, Debora A.